[Event "17th Delhi GM Open 2019"]
[Site "Delhi"]
[Date "2019.01.12"]
[Round "5"]
[White "Aditya Mittal"]
[Black "Swapnil, S. Dhopade"]
[Result "1-0"]
[WhiteElo "2251"]
[BlackElo "2487"]
[Annotator "TA"]
[PlyCount "97"]
[EventDate "2019.01.09"]
[EventType "swiss"]
[EventCountry "IND"]
[SourceTitle "playchess.com"]
[Source "ChessBase"]
[SourceQuality "1"]

{[%evp 19,97,13,20,0,0,0,0,0,0,-8,32,9,18,-7,-10,-27,-17,-54,-36,-169,-143,-141,-141,-170,-173,-183,-160,-377,321,-44,0,-341,-232,-229,-112,-177,-179,-243,-238,-216,-201,-187,-165,-160,-170,-149,-135,-202,-202,-205,-198,-251,-187,-178,-185,-183,-136,-203,0,-163,-171,-183,1342,1279,29993,29994,29994,900,29995,-29992,29991,0,29995,29996,29996,29997,29997,29998,29998,29999]} 1. d4 Nf6 2. c4 e6 3. Nc3 Bb4 4. e3 O-O 5. Bd3 d5 6. Nf3 dxc4 7. Bxc4 c5 8. O-O Nc6 9. Bd3 {E54: Nimzo-Indian: Rubinstein: Main Line: 7...dxc4 8 Bxc4} h6 10. a3 (10. dxc5 Bxc5 11. a3 Bd6 12. b4 Ne5 13. Nxe5 Bxe5 14. Bb2 Nd5 15. Qd2 b6 16. Nxd5 Qxd5 {½-½ (61) Jones,G (2660)-Cornette,M (2606) Porticcio 2017}) 10... Ba5 {LiveBook: 10 Games} 11. Ne4 {The position is equal.} cxd4 12. exd4 Bb6 13. Be3 Nd5 14. Bc4 {[#]} Qe7 $146 ({Predecessor:} 14... Nce7 15. Qe2 Bc7 16. Rad1 b6 17. Bc1 Ng6 18. Ne5 Bxe5 19. dxe5 Nxe5 {1-0 (32) Debashis,D (2507)-Vishnu,P (2523) Jalgaon 2013}) 15. Qe2 Rd8 16. Rad1 Bd7 17. Ng3 Be8 18. Nh5 Rac8 19. h4 ({White should play} 19. Bxd5 $15 exd5 20. b4) 19... Nxe3 $19 20. fxe3 e5 $1 $36 {[%cal Re5d4,Be6e5,Be5e4][%mdl 2080] Black is on the roll.} 21. d5 e4 $1 {[%cal Re4f3]} 22. Nd2 {Threatens to win with Qg4.} Ne5 23. Ng3 $2 (23. b3 $17 {might work better.}) 23... Nc6 $4 {[%mdl 8192]} (23... Bd7 $19 {and life is good for Black.} 24. Nf5 Bxf5 25. Rxf5 g6) 24. Nh5 $2 ({Much less strong is} 24. dxc6 Rxc6 25. Bb3 (25. Ngxe4 Qxh4 26. Rf3 Rg6 $18) 25... Qe5 $18) (24. Ngxe4 Na5 $11) (24. Nf5 $18 Qe5 25. dxc6 Rxc6 26. Bb3) 24... Ne5 $2 {[%mdl 8192]} (24... Na5 $15 25. Qg4 Bxe3+ 26. Kh1 Bd4) 25. Ng3 $1 {intending Nf5.} Qxh4 26. Nf5 Nf3+ (26... Qg4 $1 $19 {is more deadly.} 27. b3 Qxe2 28. Bxe2 Rc3) 27. gxf3 (27. Nxf3 $17 exf3 28. Qxf3 Qxc4 29. Qg3) 27... Qg5+ {[%mdl 64] Double Attack} 28. Kf2 (28. Kh1 $142 Qxf5 29. fxe4 Qh3+ 30. Qh2 Qxh2+ 31. Kxh2) 28... Qxf5 29. Nxe4 Qe5 {aiming for ...f5.} 30. Rh1 f5 {[%cal Bf7f5,Bf5f4][%mdl 32]} 31. d6+ Bf7 32. Bxf7+ Kxf7 33. d7 (33. Ng3 $17 {is a better defense.}) 33... Rc6 34. Nc3 f4 35. Rd5 (35. Kg2 $142) 35... Bxe3+ ({Less strong is} 35... Qxe3+ 36. Qxe3 fxe3+ 37. Ke2 $17) 36. Kg2 {[%cal Bf2g2,Bg2f1,Bf1e2][%mdl 32]} Rg6+ $1 37. Kf1 Qe6 {...Qh3+! is the strong threat.} 38. Qd3 Rg3 $2 {[#]} (38... Qc6 $19 {And now ...Rd6! would win.} 39. Rh2 Kg8) 39. Ne4 $2 (39. Rxh6 $1 $11 {[%mdl 512]} Rxf3+ (39... Qxh6 40. Rf5+) 40. Ke2 Qxh6 41. Rf5+ Kg8 42. Qd5+ Kh8 43. Rh5) 39... Rxf3+ 40. Ke2 {[#]} Qg4 $4 {[%mdl 8192] [#]} ({Inferior is} 40... Rh3 41. Rxh3 Qxh3 42. Rf5+ $1 {[%mdl 512]} Kg8 43. Rxf4 $1 $16 {[%mdl 512]}) (40... Rg3 $1 $19 41. Rf5+ (41. Nxg3 Qg4+) 41... Kg8) 41. Ng5+ $1 $18 {[%mdl 512]} Kf8 (41... hxg5 42. Rf5+) 42. Rf5+ Kg8 43. Qd5+ Kh8 {[#]} 44. Qd3 $4 {[%mdl 8192]} (44. Rxh6+ $1 {[%mdl 512] is the narrow road to win.} gxh6 45. Qe5+ Kg8 46. Qe6+ {[%mdl 64] Double Attack} Kh8 47. Qxh6+ Kg8 48. Qh7#) 44... Kg8 $4 {[%mdl 8192]} (44... Rh3+ 45. Ke1 Rxh1+ 46. Qf1 Rxf1+ 47. Kxf1 hxg5 48. Ke1 Qxf5 49. Ke2 Rxd7 50. Kf3 Rd2 51. b4 g4#) 45. Qd5+ Kh8 {[#] Strongly threatening ...Rf2+.} 46. Rxh6+ $1 {[%mdl 512] White mates.} gxh6 47. Qe5+ Kg8 48. Qe6+ {[%mdl 64] Double Attack} Kg7 49. Qf7+ {Accuracy: White = 31%, Black = 59%.} 1-0

[Event "17th Delhi GM Open 2019"]
[Site "Delhi"]
[Date "2019.01.12"]
[Round "5"]
[White "Kurbonboeva, Sarvinoz"]
[Black "Gajek, Radoslaw"]
[Result "1/2-1/2"]
[WhiteElo "2214"]
[BlackElo "2481"]
[Annotator "TA"]
[PlyCount "91"]
[EventDate "2019.01.09"]
[EventType "swiss"]
[EventCountry "IND"]
[SourceTitle "playchess.com"]
[Source "ChessBase"]
[SourceQuality "1"]

{[%evp 20,91,27,26,16,10,6,6,18,0,12,6,4,4,15,3,4,6,8,6,7,0,16,16,16,16,16,16,16,18,18,18,20,8,8,8,11,12,16,0,0,0,0,0,0,0,0,0,0,0,0,0,0,0,0,0,0,0,0,0,0,0,0,0,0,0,0,0,0,0,0,0,0,0]} 1. d4 e6 2. c4 Nf6 3. g3 d5 4. Nf3 {[%cal Bg1f3,Bf3e5,Be5c4][%mdl 32]} dxc4 5. Bg2 Bb4+ 6. Bd2 c5 {E04: Open Catalan: 5 Nf3} (6... a5 7. Qc2 c5 8. a3 Bxd2+ 9. Nbxd2 cxd4 10. Nxc4 O-O 11. Rd1 Nc6 12. O-O Rb8 13. Rd2 Re8 14. Nfe5 Bd7 {½-½ (30) Vidit,S (2711)-Melkumyan,H (2660) Douglas 2018}) 7. Bxb4 cxb4 8. Ne5 O-O 9. Nxc4 Nc6 10. e3 e5 11. d5 {LiveBook: 22 Games} b5 12. dxc6 {The position is equal.} Qxd1+ 13. Kxd1 bxc4 14. Nd2 Bg4+ $146 15. Ke1 c3 16. bxc3 bxc3 17. Nb3 Rad8 $132 {[%mdl 2048] Black has counterplay} 18. h3 Be6 19. Rc1 Nd5 20. Nc5 Rd6 21. Nxe6 fxe6 22. Bxd5 $1 exd5 23. Rxc3 $11 {[%mdl 4096] Endgame KRR-KRR} Rc8 24. c7 Rd7 25. Kd2 {Threatens to win with Rhc1.} Rcxc7 26. Rxc7 Rxc7 {KR-KR} 27. Rb1 Kf7 28. Rb5 Ke6 29. e4 dxe4 30. Ra5 Kf5 31. Ke3 h5 32. g4+ hxg4 33. hxg4+ Kxg4 34. Kxe4 Re7 35. a4 Rf7 36. Ke3 Kf5 37. f4 Re7 38. Kf3 a6 39. Rxa6 exf4 40. Ra5+ Re5 41. Rxe5+ Kxe5 42. a5 {[#] White threatens a6 and mate.} Kd5 {Hoping for ...g5.} 43. Kxf4 Kc5 44. Kg5 Kb5 45. Kg6 Kxa5 46. Kxg7 {Accuracy: White = 79%, Black = 69%.} 1/2-1/2

[Event "17th Delhi GM Open 2019"]
[Site "Delhi"]
[Date "2019.01.12"]
[Round "5"]
[White "Srija, Seshadri"]
[Black "Czebe, Attila"]
[Result "0-1"]
[WhiteElo "2210"]
[BlackElo "2418"]
[Annotator "TA"]
[PlyCount "92"]
[EventDate "2019.01.09"]
[EventType "swiss"]
[EventCountry "IND"]
[SourceTitle "playchess.com"]
[Source "ChessBase"]
[SourceQuality "1"]

{[%evp 22,92,15,4,24,19,27,19,16,13,27,7,7,-33,-35,-92,0,-64,-50,-87,-86,-154,0,-43,0,-93,-107,-150,-147,-168,-168,-165,-165,-157,-152,-185,-178,-263,-256,-274,-295,-383,-382,-375,-346,-568,-568,-595,-581,-569,-588,-555,-384,-1087,-1075,-1323,-786,-787,-770,-755,-731,-589,-476,-1147,-1162,-29975,-959,-29976,-29977,-29975,-29975,-29976,-29977]} 1. e4 c5 2. Nf3 Nc6 3. d4 cxd4 4. Nxd4 Qb6 5. Nb3 e6 6. Be3 Qc7 7. Nc3 Nf6 8. Bd3 Bb4 9. O-O Bxc3 {B33: Sicilian: Pelikan and Sveshnikov Variations} 10. bxc3 d6 11. f4 e5 12. f5 {LiveBook: 7 Games} b6 (12... Nb8 13. Qf3 Nbd7 14. Qg3 b6 15. a4 Bb7 16. a5 Rg8 17. axb6 axb6 18. Rxa8+ Bxa8 {½-½ (46) Kravtsiv,M (2653)-Fedorov,A (2598) Lvov 2017}) 13. a4 $146 ({Predecessor:} 13. Qf3 Bb7 14. a4 Nb8 15. Nd2 Nbd7 16. Qg3 d5 17. exd5 Bxd5 {1-0 (52) Panchanathan,M (2437)-Paschall,W (2401) Budapest 2004}) 13... Bb7 14. c4 Nb8 15. Qf3 Nbd7 16. g4 h6 17. Bf2 a5 18. Rfe1 (18. h3 $15) 18... Nc5 ({Better is} 18... g5 $17) 19. Bxc5 (19. Nxc5 $11 dxc5 20. Reb1) 19... dxc5 20. Nd2 Qd6 21. Nb3 (21. Rab1 $142) 21... Qc7 (21... g6 $17 22. h3 O-O-O) 22. Nd2 $15 Qd6 23. h3 (23. Nb3 $1 $11) 23... g5 $17 24. Qg3 O-O-O 25. Nf3 Rhe8 26. Rab1 Kc7 27. Rb3 Bc6 28. Reb1 Rb8 ({Weaker is} 28... Bxa4 29. Rxb6 Qxb6 30. Rxb6 $11) ({And not} 28... Bxe4 29. Bxe4 (29. Rxb6 Bc6 $17) 29... Nxe4 30. Qe1 $11) 29. Qe1 (29. Rd1 $142) 29... Bxa4 $19 30. R3b2 Bc6 31. Qe2 h5 {[%cal Bh6h5,Bh5g4,Bg4h3][%mdl 32]} 32. Nxg5 hxg4 33. Nxf7 $2 (33. h4 {was worth a try.}) 33... Qd4+ 34. Qf2 gxh3 {[#] ...h2+! is the strong threat.} 35. Qxd4 exd4 36. Kh2 Nxe4 37. Rf1 $2 (37. Rg1) 37... Nd2 38. Rf2 Nf3+ 39. Kxh3 Re7 {aiming for ...Rg8.} 40. Rxf3 Bxf3 41. Ng5 Rg8 42. f6 (42. Kg3 $142) 42... Re1 43. Nxf3 Rh1+ 44. Nh2 Rhg1 {Black mates.} 45. Nf3 R1g3+ {[%mdl 64] [#] Double Attack} 46. Kh2 Rxf3 {Accuracy: White = 28%, Black = 71%.} 0-1

[Event "17th Delhi GM Open 2019"]
[Site "Delhi"]
[Date "2019.01.12"]
[Round "5"]
[White "Baivab Mishra"]
[Black "Thipsay, Praveen M"]
[Result "0-1"]
[WhiteElo "2196"]
[BlackElo "2405"]
[Annotator "TA"]
[PlyCount "48"]
[EventDate "2019.01.09"]
[EventType "swiss"]
[EventCountry "IND"]
[SourceTitle "playchess.com"]
[Source "ChessBase"]
[SourceQuality "1"]

{[%evp 17,48,14,25,7,25,0,0,-34,-22,-19,-4,-51,-41,-69,13,-6,0,0,0,0,0,0,6,-225,-208,-196,-209,-204,-208,-195,-203,-407,-377]} 1. Nf3 Nf6 2. g3 g6 3. b3 Bg7 4. Bb2 d6 5. d4 O-O 6. Bg2 e5 7. dxe5 Nfd7 8. O-O dxe5 {A49: 1 d4 Nf6 2 Nf3 g6 3 g3: Anti-King's Indian systems} 9. Nfd2 (9. e4 Nc6 10. Nbd2 a5 11. a4 b6 12. Re1 Bb7 13. Nc4 Re8 14. Ne3 Nc5 15. Qxd8 Raxd8 16. Nd5 Nb4 17. Nxc7 Re7 {½-½ (65) Malakhov,V (2661)-Chigaev,M (2599) Sochi 2018}) 9... Nc6 {LiveBook: 3 Games} 10. Nc4 Nb6 {The position is equal.} 11. Nba3 $146 ({Predecessor:} 11. Qxd8 Rxd8 12. Nba3 Be6 13. Nxb6 axb6 14. Rfd1 Rxd1+ 15. Rxd1 Bf8 16. Nc4 Rxa2 17. Bxc6 Bxc4 18. Bxe5 Bxe2 {0-1 (49) Lopez,D (2169)-Pichot,A (2327) Buenos Aires 2013}) 11... Qe7 12. e3 e4 {And now ...Bxb2 would win.} 13. Bxg7 Kxg7 14. Qc1 Bg4 15. Nd2 Bf5 ({Black should try} 15... f5 $15) 16. h3 h5 17. Qb2+ Kg8 18. Nb5 Rad8 $36 {[%mdl 2048] White is under pressure.} 19. c4 Ne5 20. Nc3 $2 {[#]} (20. Rad1 $11 {and White is okay.}) 20... Bxh3 $1 $19 {[%mdl 512]} 21. Ndxe4 ({Reject} 21. Bxh3 Rxd2 $1 {[%mdl 512]} 22. Qb1 Nf3+ 23. Kh1 f5 $19) 21... Bxg2 22. Kxg2 f5 23. Nd2 {[#]} h4 $1 {[%cal Bh5h4,Bh4h3][%mdl 32]} 24. Nf3 $2 {[#]} (24. Ne2 {was necessary.}) 24... h3+ $1 {[%mdl 512] Accuracy: White = 30%, Black = 44%.} 0-1

[Event "17th Delhi GM Open 2019"]
[Site "Delhi"]
[Date "2019.01.13"]
[Round "7"]
[White "Popov, Ivan"]
[Black "Mosadeghpour, Masoud"]
[Result "1/2-1/2"]
[WhiteElo "2588"]
[BlackElo "2517"]
[Annotator "TA"]
[PlyCount "60"]
[EventDate "2019.01.09"]
[EventType "swiss"]
[EventCountry "IND"]
[SourceTitle "playchess.com"]
[Source "ChessBase"]
[SourceQuality "1"]

{[%evp 17,60,8,12,15,0,7,4,21,15,7,28,23,22,-7,-10,-10,0,0,0,0,0,0,0,0,0,0,0,0,0,0,0,0,0,0,0,0,0,0,0,0,0,-56,0,0,16]} 1. e4 e5 2. Nf3 Nc6 3. Bc4 Nf6 4. d3 Bc5 5. O-O d6 6. c3 a5 {C54: Giuoco Piano: 4 c3 Nf6, main lines with 5 d4 and 5 d3} 7. h3 h6 8. Re1 O-O 9. a4 Be6 {LiveBook: 24 Games} 10. Na3 Bxa3 11. Bxe6 fxe6 $146 ({Predecessor:} 11... Bxb2 12. Bxf7+ Rxf7 13. Bxb2 Qd7 14. c4 {0-1 (39) Hou,Y (2649)-Caruana,F (2813) Douglas 2016}) 12. Rxa3 Qe8 13. d4 exd4 14. cxd4 d5 15. e5 Ne4 16. Be3 Qh5 17. Rb3 b6 18. Nd2 Qxd1 19. Rxd1 Nxd2 20. Rxd2 Nb4 21. Rc3 Rac8 22. g4 Na6 23. Rc6 Nb4 24. Rc1 Rf7 25. h4 {[#]} c5 $1 {[%mdl 512]} 26. dxc5 Rfc7 {[%cal Rb6c5]} 27. c6 $1 Rxc6 28. Rxc6 Rxc6 29. f3 (29. f4 $11) 29... Kf7 (29... Rc4 $1 $15) 30. h5 $11 Rc4 {Precision: White = 83%, Black = 69%.} 1/2-1/2

[Event "17th Delhi GM Open 2019"]
[Site "Delhi"]
[Date "2019.01.13"]
[Round "7"]
[White "Aleksandrov, Aleksej"]
[Black "Tran, Tuan Minh"]
[Result "0-1"]
[WhiteElo "2582"]
[BlackElo "2541"]
[Annotator "TA"]
[PlyCount "76"]
[EventDate "2019.01.09"]
[EventType "swiss"]
[EventCountry "IND"]
[SourceTitle "playchess.com"]
[Source "ChessBase"]
[SourceQuality "1"]

{[%evp 10,76,4,5,38,22,22,22,32,22,20,13,17,23,23,25,19,22,20,25,20,10,10,0,53,-16,0,0,0,0,0,0,21,26,41,38,27,30,37,37,89,74,82,26,29,34,41,0,0,-66,-68,-139,-133,-522,-400,-454,-454,-433,-439,-423,-416,-502,-507,-618,-617,-702,-653,-1619,-1787]} 1. c4 e5 2. Nc3 Bb4 3. Nd5 Bc5 4. e3 Nf6 5. d4 (5. b4 Nxd5 6. bxc5 Nf6 7. Nf3 Nc6 8. Be2 O-O 9. Bb2 d6 10. cxd6 cxd6 11. O-O Re8 12. a4 b6 {1-0 (33) Giri,A (2771)-Anand,V (2786) Stavanger 2017 CBM 179 [Yermolinsky,A]}) 5... Nxd5 6. dxc5 {LiveBook: 9 Games. A21: English Opening: 1...e5 2 Nc3} Ne7 7. Nf3 f6 $146 ({Predecessor:} 7... Nbc6 8. Bd3 f5 9. e4 f4 10. b4 d6 11. b5 Nb8 12. Ba3 {0-1 (40) Bauer,P (2195)-Ladanyi,Z Zalakaros 2001}) 8. b4 {The position is equal.} O-O 9. Be2 b6 10. cxb6 axb6 11. O-O d6 12. a4 Be6 13. Nd2 Nbc6 14. Ba3 Qe8 15. Ne4 Qf7 16. Rc1 g5 (16... Rfc8 $11) 17. f4 (17. a5 $14) 17... Qg6 18. Ng3 {f5! is the strong threat.} gxf4 19. exf4 Nd4 20. Bh5 $36 {[%mdl 2048] White has the initiative.} Qg7 21. b5 Kh8 22. Bb2 Nef5 23. Rc3 Rg8 24. Rf2 Nh6 (24... Raf8 $14) 25. Rd3 Ndf5 26. Bf3 (26. Nxf5 $16 Nxf5 27. Bf3) 26... Raf8 $11 27. Nh5 Qf7 28. fxe5 fxe5 29. Qa1 ({White should play} 29. Qd2 $11) 29... Bxc4 $15 30. Rc3 {[#]} (30. Rdd2 $15) 30... Nd4 $1 $17 {aiming for ...Ng4.} 31. Qc1 $2 {[%mdl 8192]} (31. Qe1 $17 {is tougher.}) 31... Ne2+ 32. Rxe2 Bxe2 33. Ng3 Bxf3 34. Rxf3 Qg7 35. Rc3 Rf7 {Black is clearly winning.} 36. Rc2 Ng4 {[%cal Bh6g4,Bg4f2,Bf2e4][%mdl 32]} 37. h3 Nf2 38. Rc3 {[#]} Ne4 $1 {[%mdl 512] Precision: White = 48%, Black = 62%.} 0-1

[Event "17th Delhi GM Open 2019"]
[Site "Delhi"]
[Date "2019.01.13"]
[Round "7"]
[White "Karthikeyan, Murali"]
[Black "Gajwa Ankit"]
[Result "1/2-1/2"]
[WhiteElo "2570"]
[BlackElo "2263"]
[Annotator "TA"]
[PlyCount "108"]
[EventDate "2019.01.09"]
[EventType "swiss"]
[EventCountry "IND"]
[SourceTitle "playchess.com"]
[Source "ChessBase"]
[SourceQuality "1"]

{[%evp 15,108,18,17,0,0,0,0,-2,43,19,20,25,20,0,2,10,93,93,159,159,156,87,93,35,24,25,9,26,10,3,68,77,92,94,95,93,111,0,0,5,6,0,0,-33,0,-11,-20,-10,-11,-19,-9,-12,-12,-83,-83,-83,-83,-83,-83,-83,-83,-90,-83,-104,-79,-117,-138,-123,-131,-118,-91,-213,-73,-125,-29,-29,-29,-80,-29,-29,-29,-38,-40,-42,-50,-72,0,0,0,0,0,0,0,0,0]} 1. e4 c5 2. Nf3 d6 3. d4 cxd4 4. Nxd4 Nf6 5. Nc3 Nc6 6. Bc4 e5 7. Nf5 {B57: Classical Sicilian: Sozin with 6...Qb6} Be6 8. Bb3 Nxe4 {LiveBook: 6 Games} (8... g6 9. Ne3 Bh6 10. Ned5 Bxc1 11. Qxc1 O-O 12. Qg5 Nd7 13. Qh6 Nd4 14. h4 f6 {1-0 (36) Macieja,B (2592)-Wojtaszek,R (2606) Warsaw 2005}) 9. Nxg7+ Bxg7 10. Nxe4 {Black must now prevent Bxe6.} d5 11. Ng5 O-O 12. O-O Nd4 13. Be3 $146 ({Predecessor:} 13. Nxe6 fxe6 14. c3 Nxb3 15. Qxb3 {1-0 (67) Houska,J (2193)-Herejk,P (2194) Czechia 2010}) 13... Nxb3 14. Qd3 {[%csl Gg5][%cal Rd3h7]} e4 15. Qxb3 Bg4 (15... Bf5 $11) 16. f3 $16 (16. Qxb7 h6 $17) 16... Bh5 {[#]} (16... Bf5 $142) 17. Rad1 $1 $36 {[%cal Rd1d5][%mdl 2048] White has strong initiative.} ({But not} 17. fxe4 $6 dxe4 18. Nxe4 (18. Qxb7 Rb8 $11) 18... Re8 $14) (17. Qxb7 h6 $17) 17... exf3 18. Nxf3 (18. Rxd5 $142 fxg2 19. Rf2 (19. Kxg2 Qc8 $11)) 18... d4 19. Bf2 (19. Bxd4 $6 Bxf3 20. Bxg7 Bxd1 $11) (19. h3 $16) 19... Rc8 $14 20. Rd3 {[%cal Rf2d4]} (20. Bxd4 $2 Bxf3 21. Bxg7 Bxd1 $19) 20... Bg6 21. Rd2 {[%cal Rf2d4]} Qa5 22. Rfd1 Bh6 (22... Rc6 $11) 23. Re2 ({Much worse is} 23. Bxd4 Bxd2 24. Rxd2 Rfe8 $17) 23... Qa6 24. Nxd4 Bh5 25. Qg3+ Qg6 {Strongly threatening ...Qxg3.} 26. Nf5 ({White has to play} 26. Nf3 $16) 26... Qxg3 $11 27. Nxh6+ Kh8 28. Bxg3 Bxe2 29. Rd2 Bh5 30. Rd5 Bg6 $1 31. Bd6 Rfe8 32. Be5+ {[#]} Rxe5 $1 {[%mdl 512]} 33. Rxe5 Rxc2 {[%mdl 4096] Endgame With the idea ...Kg7. KRB-KRN} 34. Nf5 (34. g4 $11 {remains equal.} f6 35. Rb5) 34... f6 $17 35. Rd5 {White threatens Rd8+ and mate.} Bxf5 $1 36. Rxf5 Rxb2 {KR-KR} 37. a4 Kg7 38. Rd5 Kg6 39. h3 Ra2 40. Rd7 Rxa4 41. Rxb7 h5 42. Kf2 a5 43. Rb5 {[#]} (43. Kf3 $17) 43... h4 (43... Ra3 $1 $19 {is more deadly.} 44. h4 Ra1) 44. Kf3 f5 (44... Ra2 $17 45. Rb8 f5) 45. g4 $11 fxg4+ 46. hxg4 Ra2 ({Better is} 46... Ra3+ $17 47. Kf4 Ra4+ 48. Kf3 Ra1 49. Rb6+ Kg7 50. Rb7+ Kf6 51. Rb6+ Ke5 52. Rb5+ Kd4) 47. Rb6+ Kf7 48. Rb7+ $1 Kf6 49. Rb6+ Ke5 {aiming for ...Ra3+.} 50. Rb5+ Kd4 (50... Ke6 $17 {Hoping for ...h3.} 51. Rb6+ Ke5 52. Rb5+ Kd6) 51. g5 $1 {The position is equal.} h3 {...h2 is the strong threat.} 52. g6 Rg2 53. Rxa5 Rxg6 54. Rh5 h2 {Accuracy: White = 58%, Black = 50%.} 1/2-1/2

[Event "17th Delhi GM Open 2019"]
[Site "Delhi"]
[Date "2019.01.13"]
[Round "7"]
[White "Erigaisi Arjun"]
[Black "Visakh N R"]
[Result "1/2-1/2"]
[WhiteElo "2548"]
[BlackElo "2486"]
[Annotator "TA"]
[PlyCount "69"]
[EventDate "2019.01.09"]
[EventType "swiss"]
[EventCountry "IND"]
[SourceTitle "playchess.com"]
[Source "ChessBase"]
[SourceQuality "1"]

{[%evp 18,69,46,39,46,42,45,54,54,39,50,56,71,74,77,75,62,61,73,73,73,70,45,51,67,8,13,0,0,0,136,17,27,33,33,0,0,0,0,0,0,0,0,-8,-8,-8,-8,-18,-12,-16,-14,-13,-9,-18]} 1. c4 e6 2. Nf3 d5 3. d4 Nf6 4. g3 Bb4+ 5. Bd2 Bd6 (5... Be7 6. Bg2 O-O 7. O-O Nbd7 8. Nc3 c6 9. Bf4 dxc4 10. e4 Re8 11. a4 b6 12. d5 exd5 13. exd5 Bb7 14. a5 bxa5 15. d6 Bf8 16. Nd2 Nd5 17. Nxd5 cxd5 18. Nxc4 dxc4 19. Bxb7 {½-½ (42) Nakamura,H (2777)-Karjakin,S (2773) Saint Louis 2018}) 6. Nc3 {E01: Catalan: Early deviations} c6 7. Qc2 O-O 8. e4 Nxe4 9. Nxe4 dxe4 10. Qxe4 {LiveBook: 5 Games} c5 $146 ({Predecessor:} 10... Nd7 11. Bd3 g6 12. O-O-O e5 13. dxe5 {0-1 (36) Mchedlishvili,M (2602)-Yegiazarian,A (2426) Poti 2017}) 11. Bg2 cxd4 12. Nxd4 e5 13. Nb5 Bc5 14. Rd1 Nc6 {[#]} 15. O-O $1 Qb6 16. Be3 Bxe3 17. Qxe3 ({But not} 17. fxe3 Be6 $11) 17... Bg4 18. Rd2 Rad8 19. Nd6 Qxe3 20. fxe3 Rd7 $1 21. a3 (21. b3 $14) 21... Na5 $1 $11 22. Rd5 b6 {Threatens to win with ...Be6.} 23. b4 Rxd6 (23... Be6 $1 $11 {remains equal.} 24. Rxe5 Rxd6 25. bxa5 Bxc4) 24. bxa5 ({White must play} 24. Rxd6 $16 Nxc4 {[%mdl 64] Double Attack} 25. Rc6 Nxe3 26. Rfc1) 24... Rxd5 25. Bxd5 bxa5 {[%mdl 4096] Endgame KRB-KRB} 26. e4 Be6 {The position is equal.} 27. c5 Rc8 28. c6 Rc7 $1 29. Rb1 {[#] aiming for Bxe6.} Bc8 $1 30. Kf2 Kf8 31. Ke3 Ke7 32. Rb5 a4 33. Ra5 Kd6 34. Rxa4 Be6 35. Ra5 {Accuracy: White = 56%, Black = 92%.} 1/2-1/2

[Event "17th Delhi GM Open 2019"]
[Site "Delhi"]
[Date "2019.01.13"]
[Round "7"]
[White "Debashis, Das"]
[Black "Amonatov, Farrukh"]
[Result "1/2-1/2"]
[WhiteElo "2538"]
[BlackElo "2621"]
[Annotator "TA"]
[PlyCount "89"]
[EventDate "2019.01.09"]
[EventType "swiss"]
[EventCountry "IND"]
[SourceTitle "playchess.com"]
[Source "ChessBase"]
[SourceQuality "1"]

{[%evp 25,89,29,18,-6,87,91,89,88,103,93,107,96,112,116,123,110,114,127,116,89,106,100,110,118,110,84,97,71,66,78,92,91,89,37,69,39,53,6,27,13,21,0,0,0,0,0,0,-13,0,0,0,-56,0,0,0,0,0,0,0,0,0,0,0,-12,0,0]} 1. d4 d5 2. c4 c6 3. Nf3 Nf6 4. e3 Bf5 5. Nc3 e6 6. Nh4 Be4 7. f3 Bg6 8. Qb3 Qc7 9. Bd2 {D12: Slav Defence: 3 Nf3 Nf6 4 e3 Bf5} Be7 10. Nxg6 (10. O-O-O dxc4 11. Bxc4 a6 12. Be2 Nbd7 13. Nxg6 hxg6 14. Kb1 c5 15. d5 exd5 16. Nxd5 Nxd5 17. Qxd5 {0-1 (31) Karjakin,S (2773)-Caruana,F (2822) Saint Louis 2018}) 10... hxg6 11. g3 Nbd7 12. cxd5 Nxd5 13. e4 Nxc3 {LiveBook: 9 Games} 14. bxc3 {[#]} Nf6 $146 (14... Rxh2 $1 $11 {remains equal.} 15. Rxh2 Qxg3+ {[%mdl 64] Double Attack} 16. Rf2 Bh4) ({Predecessor:} 14... e5 15. f4 Nf6 16. Bg2 exd4 17. cxd4 {1-0 (51) Zherebukh,Y (2595)-Nyzhnyk,I (2622) Las Vegas 2016}) 15. Be2 $16 Rd8 16. O-O O-O 17. Bf4 Qc8 18. a4 b6 19. Kg2 Rd7 20. Rfd1 Rfd8 21. Be3 Ne8 22. Rab1 Nd6 23. h4 {[%cal Bh2h4,Bh4h5,Bh5h6,Bh6h7][%mdl 32]} Qc7 24. Rh1 c5 25. h5 g5 26. h6 g6 27. h7+ Kh8 28. g4 Nb7 29. Rbd1 (29. Bb5 $16) 29... Na5 30. Qa2 Nc6 {[%cal Rc5d4]} 31. Bb5 {d5 is the strong threat.} a6 32. Bxc6 $1 Qxc6 33. e5 cxd4 34. cxd4 Qc3 35. Qe2 Qa5 36. Qc4 b5 37. Qc1 Qc7 (37... Qxa4 $11 38. Bxg5 Qb4) 38. Qd2 $15 bxa4 (38... b4 $1 $15) 39. Rc1 $11 {The position is equal.} Qb7 40. Rc4 a3 41. Bxg5 Qb2 {[#] White must now prevent ...Bxg5.} ({And not} 41... Bxg5 42. Qxg5 Qb2+ 43. Kg3 Qg2+ 44. Kxg2 f5 45. Qf6+ Rg7 46. Qxd8+ Rg8 47. hxg8=Q#) 42. Rc2 Qxc2 $1 ({Stronger than} 42... Bxg5 43. Qxg5 Qxc2+ 44. Kg3 Qg2+ 45. Kxg2 f5 46. Qf6+ {[%mdl 64] Double Attack} Rg7 47. Qxd8+ Rg8 48. hxg8=Q#) 43. Qxc2 Bxg5 44. Qa4 Be7 45. Rd1 {Accuracy: White = 69%, Black = 60%.} 1/2-1/2

[Event "17th Delhi GM Open 2019"]
[Site "Delhi"]
[Date "2019.01.13"]
[Round "7"]
[White "Ghaem Maghami, Ehsan"]
[Black "Gupta, Abhijeet"]
[Result "1/2-1/2"]
[WhiteElo "2533"]
[BlackElo "2581"]
[Annotator "TA"]
[PlyCount "23"]
[EventDate "2019.01.09"]
[EventType "swiss"]
[EventCountry "IND"]
[SourceTitle "playchess.com"]
[Source "ChessBase"]
[SourceQuality "1"]

{[%evp 18,23,9,0,8,13,10,15]} 1. e4 c5 2. Nf3 d6 3. Bb5+ Nd7 4. d4 cxd4 5. Qxd4 a6 6. Bxd7+ Bxd7 7. c4 {B51: Sicilian: Moscow Variation (3 Bb5+) without 3...Bd7} (7. Nc3 e5 8. Qd3 Rc8 9. O-O Qc7 10. Rd1 Be6 11. a4 Nf6 12. Nd2 Be7 13. Nf1 Qc4 14. Ne3 Qxd3 15. Rxd3 Kd7 {½-½ (33) Xiong,J (2656)-Vachier Lagrave,M (2780) Douglas 2018}) 7... Rc8 8. O-O Nf6 9. Bg5 e6 10. Nc3 {LiveBook: 3 Games. The position is equal.} Be7 11. Rfd1 Bc6 12. Qe3 $146 ({Predecessor:} 12. Rac1 O-O 13. Bxf6 Bxf6 14. Qxd6 Bxc3 15. Rxc3 Bxe4 {0-1 (68) Ralphs,N (1934)-Fernandez,M (2102) Cardiff 2014}) 1/2-1/2